00691nam a2200217Ia 4500003000900000008004100009040001600050080001300066100002500079245005900104260003400163300001300197500002600210650002400236650003700260650003100297650003100328942000700359999001700366952009000383IN-BaIIA211028s9999 xx 000 0 eng d cIIA Library a538bROB aRoberts, P. H925214 3aAn introduction to magnetohydrodynamicscP. H. Roberts aLondonbLongmans, Greenc1967 ax, 264p. aPhotocopy of Original aAlfven waves912286 aElectromagnetic induction925215 aHomogeneous dynamos925216 aMagnetohydrodynamics91666 cBK c14258d14258 00104070aBANbBANcGENd2001-09-19l0o538/ ROBp15178r2021-11-05w2001-09-19yBK